Polovodičové štruktúry elektricky programovateľných pevných pamätí s "plávajúcou" elektródou : Kand.diz.práca : V.odb. 26-10-9 : Obh. 08.03.1979 /

Salvato in:
Dettagli Bibliografici
Autore principale: Áč, Vladimír (Autore)
Altri autori: Frank, Helmar (Relatore della tesi)
Natura: Manoscritto Libro
Pubblicazione: Bratislava : SVŠT v Bratislave EF, 1978
Soggetti:
Tags: Aggiungi Tag
Nessun Tag, puoi essere il primo ad aggiungerne!!

MARC

LEADER 00000ntm a22000003a 4500
001 stu5448
005 20150617225658.6
008 ------s1978----------------------------d
040 |a STU  |b slo 
041 0
100 1 |a Áč, Vladimír  |4 aut 
245 1 |a Polovodičové štruktúry elektricky programovateľných pevných pamätí s "plávajúcou" elektródou :  |b Kand.diz.práca : V.odb. 26-10-9 : Obh. 08.03.1979 /  |c [aut.] Áč,Vladimír, Ing.; Škol. Frank,Helmar 
260 |a Bratislava :  |b SVŠT v Bratislave EF,  |c 1978 
300 |a 156 s 
650 7 |a elektronika a vákuová technika  |2 stusub 
700 1 |a Frank, Helmar  |4 ths 
996 |b 284ED00164  |c E*KDIZ-223  |l EE01  |s A  |a 24  |w stu5448_0001